Catálogo público

El Universo de los insectos / (Record no. 209083)

MARC details
000 -CABECERA
campo de control de longitud fija 00897nam a2200313Ia 4500
001 - NÚMERO DE CONTROL
campo de control Para_10475
003 - IDENTIFICADOR DEL NÚMERO DE CONTROL
campo de control CHAP
008 - DATOS DE LONGITUD FIJA--INFORMACIÓN GENERAL
campo de control de longitud fija 220125s201? xx 000 0 und d
010 ## - NÚMERO DE CONTROL DE LA BIBLIOTECA DEL CONGRESO
Número de control de LC 209083
020 ## - NÚMERO INTERNACIONAL ESTÁNDAR DEL LIBRO
Número Internacional Estándar del Libro 978 - 84 - 8476 - 638 - 4
040 ## - FUENTE DE LA CATALOGACIÓN
Centro/agencia transcriptor CHAP
082 ## - NÚMERO DE LA CLASIFICACIÓN DECIMAL DEWEY
Número de clasificación PA 595.7 J67
100 ## - ENTRADA PRINCIPAL--NOMBRE DE PERSONA
Nombre de persona Jordán Montés, Fernando
9 (RLIN) 175304
245 ## - MENCIÓN DE TÍTULO
Título El Universo de los insectos /
Mención de responsabilidad, etc. Fernando Jordán Montés
260 ## - PUBLICACIÓN, DISTRIBUCIÓN, ETC.
Lugar de publicación, distribución, etc. España :
Nombre del editor, distribuidor, etc. Mundi - Prensa
300 ## - DESCRIPCIÓN FÍSICA
Extensión 223 p.
440 ## - MENCIÓN DE SERIE/PUNTO DE ACCESO ADICIONAL--TÍTULO
Título Agro Guías
9 (RLIN) 175305
500 ## - NOTA GENERAL
Nota general Incluye bibliografía e índice
650 ## - PUNTO DE ACCESO ADICIONAL DE MATERIA--TÉRMINO DE MATERIA
Término de materia o nombre geográfico como elemento de entrada Entomología
9 (RLIN) 37113
650 ## - PUNTO DE ACCESO ADICIONAL DE MATERIA--TÉRMINO DE MATERIA
Término de materia o nombre geográfico como elemento de entrada Insectos
Subdivisión general Anatomía y Fisiología
9 (RLIN) 58891
650 ## - PUNTO DE ACCESO ADICIONAL DE MATERIA--TÉRMINO DE MATERIA
Término de materia o nombre geográfico como elemento de entrada Insectos
Subdivisión general Hábitos y Conduca
9 (RLIN) 175306
901 ## - ELEMENTOS DE DATOS A LOCAL LDA (RLIN)
a PA 595.7 J67
902 ## - ELEMENTOS DE DATOS B LOCAL, LDB (RLIN)
a M
905 ## - ELEMENTOS DE DATOS E LOCAL, LDE (RLIN)
a 523220201? sp a,n 8000000300spa06
910 ## - DATOS DE OPCIÓN DEL USUARIO (OCLC)
Datos de opción del usuario 201?
942 ## - ELEMENTOS DE PUNTO DE ACCESO ADICIONAL (KOHA)
Tipo de ítem Koha Parasitologia_
942 ## - ELEMENTOS DE PUNTO DE ACCESO ADICIONAL (KOHA)
Tipo de ítem Koha Parasitologia_
-- 1
Holdings
Estado de retiro Estado de pérdida Fuente del sistema de clasificación o colocación Estado dañado Restricciones de uso No para préstamo Código de colección Localización permanente Ubicación/localización actual Fecha de adquisición Número de inventario Total de préstamos Signatura topográfica completa Código de barras Fecha visto por última vez Número de copia Precio válido a partir de Tipo de ítem Koha Nota pública Ubicación en estantería
    Dewey Decimal Classification   Préstamo 15 días   General Biblioteca Central Biblioteca Central 21/11/2017     595.7 J67 33724002578835 07/09/2023   25/01/2022 Libro   Planta alta - Colección General
    Dewey Decimal Classification   Préstamo 15 días   General Biblioteca Central Biblioteca Central 21/11/2017     595.7 J67 33724002578876 07/09/2023 c.2 25/01/2022 Libro   Planta alta - Colección General
    Dewey Decimal Classification   Préstamo interno   General Parasitologia Agricola Parasitologia Agricola 21/11/2017 (PA_010718) (No. UACh C/E)   PA 595.7 J67 4102000988 25/01/2022 Ej.1 25/01/2022 Libro 2